000 00795nam a22001337a 4500
040 _cRUA
082 _aAVM MAN 2011 B100 Or.1
100 _aMANN, TOLA.
245 _aEffect of ivermection on gastrointestinal parasite in pigs at top chantha's farm in pou sen chey district, phnom phen, ប្រសិទ្ធភាពនាំ IVERMECTIN លើបរាសិតក្នុងក្រពះ ពោះវៀនជ្រូក នៅកសិដ្ថាន តុប ចន្ថា ស្ថិតក្នុងខណ្ឌពោធិ៍សែនជ័យ រាជធានៅភ្នំនំពេញ.
260 _aphnom phen
_bRUA
_c2011
300 _aIX,48p.
_bill.
_c29cm.
856 _uhttps://drive.google.com/file/d/17DODuNssjGqfXCsghRXnpKJZM7aEpwV5/view?usp=sharing
942 _cAVM
999 _c2529
_d2529